00960nam a22002297a 4500003000900000005001700009008004100026020001800067040002500085082001400110245010000124260003300224300003000257500016000287590002700447700003100474710006900505910001400574942001300588952011200601999001700713DO-SdBNP20250221073755.0100407s2015 dr d 000 0 spa d a9789945898484 aDO-SdBNPbspacBNPHU axxxbxxxx00aPerfiles estadísticos provinciales : bprovincia Puerto Plata /cpresentación Pablo Tactuk. aSanto Domingo :bONE,c2015. a32 p. :bdiagr. ;c28 cm. aEsta publicación cuenta con el apoyo del Fondo de las Naciones Unidas para la infancia (UNICEF) y el Fondo de Población de las Naciones Unidas (UNFPA). aInventariado, 2022/ YL aTactuk, Pabloepres.957741 aRepública Dominicana.bOficina Nacional de Estadística95775 aYLockward 2ddccLF1 00102ddc53708MOaBNPHUbBNPHUcCTd2019-12-13eONEl0oxxx xxxxp2022-1466r2022-04-20w2022-04-20yLF1 c51551d51551